[Event "ICS rated bullet match"]
[Site "204.178.125.65"]
[Date "2000.03.23"]
[Round "?"]
[White "Hossa"]
[Black "ty4a"]
[Result "1-0"]
[WhiteElo "2522"]
[BlackElo "2029"]
[PlyCount "45"]

1. d4 e6 2. c4 d6 3. e4 g6 4. Nf3 h5 5. Nc3 Bh6 6. Bxh6 Nxh6 7. Be2 b6 8. e5
Bb7 9. exd6 cxd6 10. d5 e5 11. O-O Ng4 12. Qa4+ Kf8 13. Qa3 Ke7 14. h3 Kd7 15.
Nb5 Ke8 16. Nxd6+ Kd7 17. Nxf7 Qf6 18. hxg4 hxg4 19. N3xe5+ Kc7 20. d6+ Kc8 21.
Bxg4+ Nd7 22. Nxd7 Qxf7 23. Ne5+ 1-0

[Event "ICS unrated blitz match"]
[Site "204.178.125.65"]
[Date "2000.03.23"]
[Round "?"]
[White "Hossa"]
[Black "Amateur"]
[Result "0-1"]
[WhiteElo "2482"]
[BlackElo "2545"]
[PlyCount "126"]

1. e4 c5 2. Nf3 d6 3. Bb5+ Bd7 4. Bxd7+ Qxd7 5. O-O Nc6 6. c3 Nf6 7. Qe2 Qg4 8.
d3 Ne5 9. Nbd2 Nh5 10. d4 a6 11. g3 Nf4 12. Qe3 Nh3+ 13. Kh1 Nd7 14. Ng1 e5 15.
f3 Qh5 16. dxe5 Nxg1 17. Rxg1 dxe5 18. Qd3 Be7 19. Qd5 O-O-O 20. g4 Qg6 21. Nb3
Qf6 22. f4 exf4 23. Na5 Qb6 24. Nc4 Qh6 25. Qxf7 Bg5 26. Qd5 Be7 27. Ne5 Nxe5
28. Qxe5 Bd6 29. Qf5+ Rd7 30. e5 Bxe5 31. Rf1 Qc6+ 32. Kg1 Bd6 33. c4 Re8 34.
Bd2 Qe4 35. Bxf4 Qd4+ 36. Kh1 Rf8 37. Rad1 Qxd1 38. Rxd1 Rxf5 39. gxf5 Bxf4 40.
Rd5 Rxd5 41. cxd5 c4 42. Kg2 Be5 43. Kf3 Kc7 44. b4 Kd6 45. Ke4 Bb2 46. a4 c3
47. Kd3 Kxd5 48. h3 Ke5 49. b5 axb5 50. axb5 Kxf5 51. h4 h5 52. Kc2 Kg4 53. Kd3
Kxh4 54. Kc2 g5 55. Kd3 g4 56. Ke4 c2 57. Kd5 c1=Q 58. Ke6 g3 59. Kd5 g2 60.
Kd6 g1=Q 61. Ke6 Qc8+ 62. Ke7 Qg5+ 63. Kd6 Ba3# 0-1

[Event "ICS rated bullet match"]
[Site "204.178.125.65"]
[Date "2000.03.23"]
[Round "?"]
[White "Hossa"]
[Black "steppenwolf"]
[Result "1-0"]
[WhiteElo "2524"]
[BlackElo "1437"]
[PlyCount "57"]

1. e4 c5 2. Nf3 d6 3. d4 cxd4 4. Nxd4 Nf6 5. Nc3 e6 6. Be2 a6 7. O-O Be7 8. Bg5
O-O 9. Qd2 Nc6 10. Rad1 Qc7 11. Nxc6 bxc6 12. Bxf6 gxf6 13. Qe3 d5 14. Rd3 d4
15. Qxd4 e5 16. Rg3+ Kh8 17. Qe3 Rg8 18. Rxg8+ Kxg8 19. Qg3+ Kh8 20. Bg4 Bxg4
21. Qxg4 Rg8 22. Qf3 Rg6 23. Rd1 Rg8 24. Qe3 Qb7 25. b3 Qb4 26. Qh3 Qc5 27. Rd7
Bf8 28. Rxf7 Qd6 29. Rxh7# 1-0

[Event "ICS Rated standard match"]
[Site "204.178.125.65"]
[Date "2000.03.23"]
[Round "?"]
[White "rudenko"]
[Black "Hossa"]
[Result "1/2-1/2"]
[WhiteElo "2300"]
[BlackElo "2258"]
[PlyCount "117"]

1. Nc3 d5 2. e4 dxe4 3. Nxe4 e5 4. Bc4 Nc6 5. Nf3 Be7 6. O-O Nf6 7. d3 O-O 8.
Re1 Nxe4 9. Rxe4 Bf5 10. Re1 e4 11. dxe4 Qxd1 12. Rxd1 Bxe4 13. Bf4 Bxc2 14.
Rd7 Bd8 15. Rc1 Bf5 16. Rd2 Be4 17. Bd5 Bxd5 18. Rxd5 Nb4 19. Rd7 Nxa2 20. Rc4
a5 21. Bxc7 Rc8 22. Ne5 b5 23. Rc5 Re8 24. Bd6 Rxc5 25. Bxc5 Bf6 26. f4 Bxe5
27. fxe5 Nc1 28. Kf2 Nb3 29. Bd6 Rc8 30. Rc7 Rxc7 31. Bxc7 Nc5 32. Bxa5 Nd3+
33. Ke3 Nxb2 34. Kd4 h5 35. Kc5 Nc4 36. Bc3 Ne3 37. g3 Nf1 38. Kxb5 Nxh2 39.
Kc5 Nf1 40. Be1 g5 41. Kd4 Kh7 42. Ke4 Kg6 43. Bf2 g4 44. Kf4 Nd2 45. Be1 Nf3
46. Bc3 Ng1 47. Be1 Kh7 48. Kf5 Kg7 49. Bf2 Nf3 50. Be3 Kh7 51. Kf6 h4 52. gxh4
g3 53. h5 g2 54. e6 fxe6 55. Kxe6 Nd2 56. Kf5 Kg7 57. Kg4 Nc4 58. Bd4+ Kh6 59.
Kh4 1/2-1/2

[Event "ICS rated blitz match"]
[Site "204.178.125.65"]
[Date "2000.03.23"]
[Round "?"]
[White "Hossa"]
[Black "GhostDog"]
[Result "1-0"]
[WhiteElo "2482"]
[BlackElo "2210"]
[PlyCount "38"]

1. e4 c5 2. Nf3 Nc6 3. d4 cxd4 4. Nxd4 Nf6 5. Nc3 e6 6. Ndb5 d6 7. Bf4 e5 8.
Bg5 a6 9. Bxf6 gxf6 10. Na3 b5 11. Nd5 Be6 12. Be2 Nd4 13. c3 Nxe2 14. Qxe2 Bg7
15. Rd1 O-O 16. Qf3 Rc8 17. Qd3 Rc5 18. Ne3 Rc6 19. Nac2 Bxa2 1-0

[Event "ICS rated blitz match"]
[Site "204.178.125.65"]
[Date "2000.03.23"]
[Round "?"]
[White "AgentSmith"]
[Black "Hossa"]
[Result "0-1"]
[WhiteElo "1941"]
[BlackElo "2492"]
[PlyCount "68"]

1. d4 Nf6 2. Bf4 g6 3. e3 Nc6 4. c3 Bg7 5. Nf3 O-O 6. h3 d6 7. Bd3 Re8 8. Bh2
e5 9. d5 Nxd5 10. Bxg6 fxg6 11. Qxd5+ Be6 12. Qd1 e4 13. Nd4 Bxd4 14. cxd4 Nb4
15. O-O Bc4 16. Qd2 Bxf1 17. Qxb4 Ba6 18. Nc3 d5 19. Rc1 c6 20. Qa3 Rf8 21. Na4
Bb5 22. Nc5 Qe7 23. Qc3 b6 24. a4 Bc4 25. b3 Be2 26. Qd2 bxc5 27. Qxe2 cxd4 28.
exd4 Qb4 29. Qd1 Rac8 30. Be5 Rf7 31. h4 Rcf8 32. Qc2 Rxf2 33. Qxf2 Rxf2 34.
Kxf2 Qd2+ 0-1

[Event "ICS rated blitz match"]
[Site "204.178.125.65"]
[Date "2000.03.23"]
[Round "?"]
[White "Hossa"]
[Black "ljb"]
[Result "1-0"]
[WhiteElo "2512"]
[BlackElo "2114"]
[PlyCount "29"]

1. e4 e6 2. d4 d5 3. exd5 exd5 4. Bd3 g6 5. Ne2 Bg7 6. O-O f5 7. Re1 Ne7 8. Bg5
O-O 9. c4 Re8 10. Nbc3 c6 11. Qb3 dxc4 12. Bxc4+ Kh8 13. Nf4 Qc7 14. Nxg6+ hxg6
15. Nb5 1-0

[Event "ICS rated standard match"]
[Site "204.178.125.65"]
[Date "2000.03.23"]
[Round "?"]
[White "Hossa"]
[Black "MaxEuwe"]
[Result "0-1"]
[WhiteElo "2259"]
[BlackElo "2387"]
[PlyCount "114"]

1. e4 e5 2. Nf3 Nc6 3. Bb5 a6 4. Ba4 Nf6 5. O-O Be7 6. Re1 b5 7. Bb3 O-O 8. c3
d5 9. exd5 Nxd5 10. Nxe5 Nxe5 11. Rxe5 c6 12. d4 Bd6 13. Re1 Qh4 14. g3 Qh3 15.
Be3 Bg4 16. Qd3 Rae8 17. Nd2 Re6 18. a4 Qh5 19. axb5 axb5 20. Nf1 Rfe8 21. Bd1
Bxd1 22. Qxd1 Qf5 23. Bd2 Rxe1 24. Bxe1 h5 25. h4 c5 26. Bd2 cxd4 27. cxd4 Nf6
28. Nh2 Ne4 29. Qf3 Qxf3 30. Nxf3 Nxd2 31. Nxd2 Re2 32. Nf3 f6 33. Rb1 Kf7 34.
Kf1 Rc2 35. Kg2 Ke6 36. Re1+ Kd5 37. b3 Rc3 38. Re3 Bb4 39. Ng1 Rxe3 40. fxe3
Ke4 41. Nh3 Kxe3 42. d5 Bd6 43. Nf4 g5 44. hxg5 fxg5 45. Nxh5 Be5 46. Kh3 Kf3
47. g4 Ke4 48. d6 Bxd6 49. Ng7 Kd3 50. Ne6 Be7 51. Kg2 b4 52. Nc7 Kc2 53. Nd5
Bc5 54. Nf6 Kxb3 55. Nd5 Kc2 56. Nf6 b3 57. Ne4 Be7 0-1

[Event "ICS Rated blitz match"]
[Site "204.178.125.65"]
[Date "2000.03.23"]
[Round "?"]
[White "Hossa"]
[Black "DersuUzala"]
[Result "1-0"]
[WhiteElo "2515"]
[BlackElo "2155"]
[PlyCount "23"]

1. Nf3 d5 2. c4 d4 3. g3 c5 4. Bg2 Nc6 5. d3 e5 6. O-O Be7 7. e3 f6 8. exd4
Nxd4 9. Nxd4 Qxd4 10. Nc3 Bg4 11. Qb3 Rb8 12. Qa4+ 1-0

[Event "ICS rated standard match"]
[Site "204.178.125.65"]
[Date "2000.03.23"]
[Round "?"]
[White "MaxEuwe"]
[Black "Hossa"]
[Result "1-0"]
[WhiteElo "2397"]
[BlackElo "2249"]
[PlyCount "140"]

1. d4 Nf6 2. c4 e6 3. Nf3 b6 4. a3 Bb7 5. Nc3 d5 6. cxd5 Nxd5 7. Qc2 c5 8. e4
Nxc3 9. bxc3 Nc6 10. Bb2 Be7 11. Rd1 cxd4 12. cxd4 O-O 13. Bd3 Rc8 14. Qe2 Na5
15. O-O Bf6 16. Rfe1 Rc7 17. Rc1 Nc6 18. Qe3 Qd7 19. Rc2 Re8 20. d5 exd5 21.
Bxf6 gxf6 22. Qh6 Ne5 23. Nxe5 Rxe5 24. f4 Re6 25. f5 Rxe4 26. Bxe4 dxe4 27.
Rxc7 Qxc7 28. Qxf6 Qd7 29. Qe5 h6 30. Qb8+ Kg7 31. Rf1 Qd4+ 32. Kh1 Qc4 33. f6+
Kh7 34. Rg1 Qc6 35. Qxa7 Kg6 36. Qb8 Ba6 37. Rb1 Bd3 38. Qg3+ Kf5 39. Qf2+ Kg6
40. Rxb6 Qc1+ 41. Qg1 Qxa3 42. h4 Qc3 43. Qe3 Kh5 44. Rb5+ Kg6 45. Qg3+ Kxf6
46. Qf4+ Kg7 47. Rb6 Kg8 48. Rxh6 f6 49. Rxf6 Qa1+ 50. Kh2 Qxf6 51. Qxf6 Be2
52. Qg6+ Kf8 53. Qf5+ Kg7 54. Qxe4 Bd1 55. Qd4+ Kf8 56. Qxd1 Kf7 57. h5 Ke6 58.
g4 Ke5 59. Kh3 Ke4 60. g5 Ke5 61. Qg4 Kd6 62. g6 Kc6 63. g7 Kd6 64. Qg6+ Kc5
65. g8=Q Kd4 66. Qd6+ Kc3 67. Qc6+ Kd2 68. Qg5+ Kd3 69. Qgd5+ Ke2 70. Qce6+ Kf2
1-0

[Event "ICS rated bullet match"]
[Site "204.178.125.65"]
[Date "2000.03.23"]
[Round "?"]
[White "blackcrusader"]
[Black "Hossa"]
[Result "0-1"]
[WhiteElo "1428"]
[BlackElo "2524"]
[PlyCount "34"]

1. c4 Nf6 2. e3 e5 3. Qc2 Nc6 4. a3 d5 5. cxd5 Nxd5 6. Nf3 Bd6 7. Nc3 Nxc3 8.
dxc3 Bg4 9. Bd3 g6 10. b3 Bxf3 11. gxf3 Qd7 12. Bb2 O-O-O 13. h4 Bxa3 14. Be2
Bxb2 15. Qxb2 Qf5 16. Qa3 Qc2 17. Ra2 Qb1+ 0-1

[Event "ICS Rated standard match"]
[Site "204.178.125.65"]
[Date "2000.03.23"]
[Round "?"]
[White "PostModernist"]
[Black "Hossa"]
[Result "1/2-1/2"]
[WhiteElo "2429"]
[BlackElo "2239"]
[PlyCount "240"]

1. d4 d5 2. Nf3 Nf6 3. e3 e6 4. c4 c5 5. Nc3 Nc6 6. cxd5 exd5 7. Bb5 a6 8.
Bxc6+ bxc6 9. O-O Bd6 10. dxc5 Bxc5 11. b3 Bg4 12. h3 Bxf3 13. Qxf3 O-O 14. Bb2
Qc7 15. Rac1 Bd6 16. Na4 Ne4 17. Rc2 c5 18. Rd1 Rad8 19. Nc3 Nxc3 20. Bxc3 c4
21. Rxd5 cxb3 22. axb3 Bb4 23. Bxb4 Qxc2 24. Bxf8 Qc1+ 25. Kh2 Rxf8 26. Rd7 Qb2
27. Rb7 a5 28. Qf4 h5 29. Ra7 Qxb3 30. Rxa5 Qd1 31. f3 g6 32. Ra7 Qb3 33. Re7
Qd1 34. Qf6 Qd2 35. f4 Qf2 36. h4 Qd2 37. e4 Qf2 38. e5 Qd4 39. Qg5 Qe4 40. Rd7
Qc6 41. Rd6 Qe4 42. Qf6 Re8 43. Rd7 Rf8 44. Rc7 Qe3 45. Rb7 Qe4 46. Rb6 Qd4 47.
Rd6 Qe4 48. Ra6 Re8 49. Rc6 Qe3 50. Rc4 Rf8 51. f5 gxf5 52. Qxf5 Re8 53. Qxh5
Qxe5+ 54. Qxe5 Rxe5 55. g4 Kg7 56. Kg3 Re3+ 57. Kf4 Re1 58. Kf5 Re2 59. h5 Rh2
60. Rc7 Rb2 61. g5 Rb5+ 62. Kg4 Rb4+ 63. Kg3 Rb3+ 64. Kh4 Rb4+ 65. Kh3 Rb3+ 66.
Kg2 Rb5 67. g6 Rxh5 68. gxf7 Rg5+ 69. Kf3 Rf5+ 70. Ke4 Rxf7 71. Rc6 Rf2 72. Rb6
Rg2 73. Kd4 Rh2 74. Ke5 Rh1 75. Kd5 Rg1 76. Ra6 Rh1 77. Ke5 Rg1 78. Rc6 Rh1 79.
Kd5 Rg1 80. Ke4 Rh1 81. Kd4 Rg1 82. Re6 Rh1 83. Ra6 Rg1 84. Rc6 Rh1 85. Ke4 Rg1
86. Kf4 Rh1 87. Ra6 Rg1 88. Ke4 Rh1 89. Rb6 Rg1 90. Kd4 Rh1 91. Ke5 Rg1 92. Ra6
Rh1 93. Ra8 Rg1 94. Kf5 Rh1 95. Ra4 Rg1 96. Re4 Rh1 97. Ke6 Rg1 98. Rf4 Rh1 99.
Rg4+ Kh7 100. Rg3 Rf1 101. Kd5 Re1 102. Kc6 Rf1 103. Kc5 Rh1 104. Kd6 Rf1 105.
Kc6 Re1 106. Kd5 Rd1+ 107. Ke4 Rc1 108. Kd4 Re1 109. Rg2 Rf1 110. Kc4 Rh1 111.
Kd4 Rf1 112. Rg4 Rd1+ 113. Ke5 Re1+ 114. Kf4 Rf1+ 115. Ke4 Re1+ 116. Kd5 Rc1
117. Rg2 Rd1+ 118. Ke5 Re1+ 119. Kf6 Rf1+ 120. Ke7 Rh1 1/2-1/2

[Event "ICS rated blitz match"]
[Site "204.178.125.65"]
[Date "2000.03.23"]
[Round "?"]
[White "HaraldLdahl"]
[Black "Hossa"]
[Result "0-1"]
[WhiteElo "2146"]
[BlackElo "2519"]
[PlyCount "144"]

1. e4 e5 2. d4 exd4 3. Qxd4 Nc6 4. Qd1 Nf6 5. Bd3 Bc5 6. Nf3 d5 7. exd5 Nxd5 8.
O-O O-O 9. a3 Bg4 10. h3 Bxf3 11. Qxf3 Qd6 12. Be4 Nd4 13. Qd1 c6 14. c3 Ne6
15. Bxd5 cxd5 16. Nd2 Rac8 17. Nf3 Rfe8 18. Bg5 d4 19. cxd4 Nxd4 20. Be3 Nxf3+
21. Qxf3 Bxe3 22. fxe3 Re7 23. Rad1 Qb6 24. Rd2 Rce8 25. Kh1 Qxe3 26. Qxe3 Rxe3
27. Rfd1 h5 28. Rd7 R8e7 29. Rxe7 Rxe7 30. Rd2 Kh7 31. g3 f5 32. h4 Re3 33. Kg2
Re1 34. Kf2 Rb1 35. Kg2 a5 36. Kf3 b5 37. Kf2 Kg6 38. Kg2 Kf6 39. Kf3 g5 40.
hxg5+ Kxg5 41. Rf2 Rd1 42. Rc2 Rd3+ 43. Kf2 Kg4 44. Rc8 Rf3+ 45. Ke2 Rxg3 46.
Rg8+ Kf4 47. Rh8 Rg2+ 48. Kd1 Rxb2 49. Rxh5 Rb3 50. Rh4+ Kg5 51. Rh8 Rxa3 52.
Kc2 Ra2+ 53. Kb1 Ra4 54. Rg8+ Kf4 55. Kb2 Rb4+ 56. Ka1 Kf3 57. Rf8 f4 58. Ka2
Re4 59. Ka3 Ke3 60. Rh8 f3 61. Rh1 f2 62. Rc1 Rf4 63. Rf1 Ke2 64. Rb1 Ra4+ 65.
Kb3 Rb4+ 66. Kc3 Rxb1 67. Kd4 Rd1+ 68. Ke4 f1=Q 69. Ke5 Rd7 70. Ke6 Qf7+ 71.
Ke5 Rd5+ 72. Ke4 Qf3# 0-1

[Event "ICS rated blitz match"]
[Site "204.178.125.65"]
[Date "2000.03.23"]
[Round "?"]
[White "Hossa"]
[Black "HaraldLdahl"]
[Result "1-0"]
[WhiteElo "2522"]
[BlackElo "2143"]
[PlyCount "139"]

1. d4 d6 2. c4 e6 3. e4 Be7 4. Nf3 Nd7 5. Nc3 e5 6. Be2 Ngf6 7. O-O O-O 8. Be3
c5 9. dxe5 dxe5 10. Qd3 a6 11. Nd5 Nxd5 12. cxd5 Bd6 13. Rfc1 Qe7 14. Bg5 f6
15. Bh4 b6 16. a4 Rd8 17. Nd2 Nf8 18. Nc4 Rb8 19. a5 b5 20. Nxd6 Qxd6 21. Rd1
g5 22. Bg3 Ng6 23. b3 Bd7 24. Rac1 Be8 25. Qc3 Rdc8 26. Bg4 Rc7 27. Be6+ Kg7
28. Bf5 Bd7 29. Bxg6 hxg6 30. Rd2 Rbc8 31. Rcd1 c4 32. b4 Rb7 33. Rc2 Rbc7 34.
f3 Kf7 35. Bf2 Kg7 36. Bb6 Rb7 37. Be3 Rbc7 38. h3 Kf7 39. Rf2 Kg7 40. Bc5 Rxc5
41. bxc5 Rxc5 42. Rb2 Kf7 43. Qe3 Ke7 44. Rbb1 Bc8 45. h4 gxh4 46. Qh6 Bd7 47.
Qxg6 Kd8 48. Qg8+ Kc7 49. Qh8 h3 50. gxh3 c3 51. Rd3 c2 52. Rc1 b4 53. Rb3 Rc4
54. Kf1 Bb5 55. Ke1 Ba4 56. Rb2 b3 57. Qg7+ Qd7 58. Qxf6 Kb7 59. Qb6+ Kc8 60.
Qxa6+ Kd8 61. Qxc4 Qc7 62. Qxc7+ Kxc7 63. Ra1 Kb7 64. Kd2 Ka7 65. Rxa4 Ka6 66.
Rxb3 Ka7 67. Kc1 Ka6 68. Rb6+ Ka7 69. Rab4 Ka8 70. Ra6# 1-0

[Event "ICS rated bullet match"]
[Site "204.178.125.65"]
[Date "2000.03.23"]
[Round "?"]
[White "Hossa"]
[Black "BountyHunter"]
[Result "0-1"]
[WhiteElo "2536"]
[BlackElo "2846"]
[PlyCount "118"]

1. d4 d5 2. c4 dxc4 3. Nf3 Nf6 4. e3 Bg4 5. Bxc4 e6 6. h3 Bh5 7. Nc3 Nbd7 8.
O-O Bb4 9. Be2 O-O 10. a3 Bxc3 11. bxc3 c6 12. Rb1 Qc7 13. Bb2 Bg6 14. Ra1 Qb6
15. Ra2 Qa5 16. Ba1 Ne4 17. c4 Nc3 18. Bxc3 Qxc3 19. Qe1 Qxe1 20. Rxe1 h6 21.
Rb2 b6 22. Nd2 c5 23. Bf3 Rac8 24. Bb7 Rc7 25. Ba6 Rd8 26. Bb5 cxd4 27. exd4
Nf6 28. Nb3 Ne4 29. a4 Nc3 30. Rd2 Nxb5 31. cxb5 Bc2 32. Rc1 Rdc8 33. Na1 Bxa4
34. Rxc7 Rxc7 35. Kh2 Bxb5 36. d5 exd5 37. Rxd5 Ba4 38. Rd8+ Kh7 39. Rd3 b5 40.
Nb3 b4 41. Nd2 Rc2 42. Rd4 Bc6 43. Nb3 Rxf2 44. Rg4 Bd5 45. Nc5 b3 46. Na4 b2
47. Nc3 Rc2 48. Nb1 f5 49. Rg3 Rc1 50. Na3 Ra1 51. h4 Rxa3 52. Rxa3 b1=Q 53.
Re3 Qc2 54. Rg3 f4 55. Rg4 Qf5 56. Rg3 fxg3+ 57. Kxg3 h5 58. Kh2 Qf2 59. Kh3
Qxg2# 0-1

[Event "ICS rated bullet match"]
[Site "204.178.125.65"]
[Date "2000.03.23"]
[Round "?"]
[White "BountyHunter"]
[Black "Hossa"]
[Result "1-0"]
[WhiteElo "2851"]
[BlackElo "2531"]
[PlyCount "113"]

1. d4 Nf6 2. c4 e6 3. Nf3 b6 4. a3 Bb7 5. Nc3 d5 6. cxd5 Nxd5 7. Qc2 Nxc3 8.
bxc3 Be7 9. e4 O-O 10. Bd3 c5 11. O-O Nc6 12. d5 c4 13. Bxc4 Na5 14. Ba2 exd5
15. exd5 Rc8 16. Qd3 Bf6 17. Bd2 Rc5 18. Rfc1 Rxd5 19. Bxd5 Bxd5 20. Rc2 Nc4
21. Bf4 Re8 22. Rd1 Nxa3 23. Rcd2 Bxf3 24. Qxd8 Bxd8 25. Rxd8 Rf8 26. gxf3 Nc4
27. R1d4 b5 28. Rb8 Rxb8 29. Bxb8 f6 30. Bxa7 Kf7 31. Rd7+ Kg6 32. Kg2 Na3 33.
Bc5 Nc4 34. Bf8 Kf5 35. Rxg7 h5 36. Rb7 Kg6 37. Kg3 Nd2 38. Kf4 f5 39. Rxb5 h4
40. Ke3 Nf1+ 41. Ke2 Nxh2 42. Bd6 Nf1 43. Rb6 Nd2 44. Bg3+ Kh7 45. Kxd2 hxg3
46. fxg3 f4 47. gxf4 Kg7 48. Ke3 Kf7 49. f5 Ke7 50. f6+ Kf7 51. c4 Ke8 52. Rb7
Kf8 53. c5 Kg8 54. c6 Kh8 55. Re7 Kg8 56. c7 Kf8 57. c8=Q# 1-0

[Event "ICS rated blitz match"]
[Site "204.178.125.65"]
[Date "2000.03.23"]
[Round "?"]
[White "Hossa"]
[Black "RedBear"]
[Result "0-1"]
[WhiteElo "2525"]
[BlackElo "2573"]
[PlyCount "64"]

1. c4 Nf6 2. Nc3 e5 3. g3 Bb4 4. Bg2 O-O 5. Nf3 Nc6 6. O-O e4 7. Ng5 Bxc3 8.
bxc3 Re8 9. f3 exf3 10. Nxf3 d5 11. cxd5 Qxd5 12. Nd4 Qh5 13. Nxc6 bxc6 14. Qa4
Rxe2 15. Qxc6 Rb8 16. Qxc7 Rxg2+ 17. Kxg2 Bh3+ 18. Kg1 Re8 19. Ba3 Qd5 20. Rf2
Qxa2 21. Rff1 Qxd2 22. Qb7 Re2 23. Rad1 Qe3+ 24. Kh1 h6 25. Rg1 Qf2 26. Rd8+
Kh7 27. Qb1+ g6 28. Rh8+ Kxh8 29. Qb8+ Ne8 30. Qxe8+ Rxe8 31. Bd6 Qf3+ 32. Rg2
Qxg2# 0-1

[Event "ICS rated blitz match"]
[Site "204.178.125.65"]
[Date "2000.03.23"]
[Round "?"]
[White "GhostDog"]
[Black "Hossa"]
[Result "0-1"]
[WhiteElo "2225"]
[BlackElo "2511"]
[PlyCount "130"]

1. c4 e5 2. Nc3 Nf6 3. e4 Bc5 4. g3 Nc6 5. Bg2 d6 6. Nge2 O-O 7. O-O Bg4 8. h3
Bh5 9. Kh2 Nd4 10. f3 Nxe2 11. Nxe2 c6 12. d3 Qe7 13. g4 Bg6 14. Ng3 Rfe8 15.
Nf5 Bxf5 16. exf5 Bd4 17. Qe1 Qd8 18. g5 Nd7 19. Qh4 Nc5 20. Qh5 Nxd3 21. Bd2
Nxb2 22. Rab1 Nxc4 23. Rxb7 g6 24. Qh6 gxf5 25. g6 hxg6 26. Bg5 Be3 27. Bxe3
Nxe3 28. Qxe3 Re7 29. Rfb1 f4 30. Qc3 Rc7 31. Bf1 Rac8 32. Bc4 Qh4 33. Bf1 Qg3+
34. Kh1 Rxb7 35. Rxb7 Qf2 36. Bg2 Qxa2 37. Rb2 Qa1+ 38. Kh2 Qd1 39. Rb7 a6 40.
Qc4 d5 41. Qc5 Qe1 42. Qe7 Rf8 43. Qg5 Re8 44. Qf6 Qg3+ 45. Kh1 Rf8 46. Qxc6 e4
47. Qxd5 Qe1+ 48. Kh2 exf3 49. Qxf3 g5 50. Qg4 Qe5 51. h4 f3+ 52. Kh1 fxg2+ 53.
Kxg2 Qd5+ 54. Qf3 Qxf3+ 55. Kxf3 gxh4 56. Kg4 Kg7 57. Ra7 Rh8 58. Kh3 Rh6 59.
Rb7 a5 60. Ra7 Rh5 61. Ra8 Kh7 62. Ra7 Kg6 63. Ra8 f6 64. Ra6 Rh7 65. Ra7 Rxa7
0-1

[Event "ICS rated blitz match"]
[Site "204.178.125.65"]
[Date "2000.03.23"]
[Round "?"]
[White "KOFF"]
[Black "Hossa"]
[Result "0-1"]
[WhiteElo "2087"]
[BlackElo "2515"]
[PlyCount "80"]

1. d4 d5 2. Nf3 Nf6 3. c4 c6 4. e3 Bf5 5. Nc3 e6 6. Bd3 Bxd3 7. Qxd3 Bb4 8. O-O
Nbd7 9. a3 Bxc3 10. bxc3 Nb6 11. Ne5 dxc4 12. Nxc4 Nxc4 13. Qxc4 O-O 14. a4 Qd5
15. Qxd5 cxd5 16. Rb1 Ne4 17. Rxb7 Nxc3 18. a5 Ne2+ 19. Kh1 Rfc8 20. Ba3 Rc2
21. Bc5 Ra2 22. Rfb1 h6 23. Rxa7 Rxa7 24. Bxa7 Rxa5 25. Bc5 Nc3 26. Rc1 Ra2 27.
h3 Ne4 28. f3 Ng3+ 29. Kh2 Nf5 30. e4 Nh4 31. Kg3 Nxg2 32. exd5 exd5 33. Rb1 g5
34. Rb8+ Kh7 35. Bd6 Ne3 36. f4 Nf5+ 37. Kf3 Nxd6 38. fxg5 hxg5 39. Rd8 Ra3+
40. Kg4 f5+ 0-1

[Event "ICS rated blitz match"]
[Site "204.178.125.65"]
[Date "2000.03.23"]
[Round "?"]
[White "MMWeber"]
[Black "Hossa"]
[Result "0-1"]
[WhiteElo "2227"]
[BlackElo "2523"]
[PlyCount "116"]

1. e4 c5 2. Nf3 d6 3. d4 cxd4 4. Nxd4 Nf6 5. Nc3 a6 6. Be2 e5 7. Nb3 Be7 8. O-O
O-O 9. Be3 Be6 10. Bf3 Nbd7 11. a4 Qc7 12. a5 Bxb3 13. cxb3 b6 14. axb6 Nxb6
15. Qd3 Qb7 16. Rfc1 Nbd7 17. Nd5 Nxd5 18. Qxd5 Qxd5 19. exd5 Nf6 20. Rc7 Rfe8
21. Bg5 e4 22. Bxf6 Bxf6 23. Be2 a5 24. Ra2 e3 25. f4 Rab8 26. g4 Rxb3 27. Rc2
Bd8 28. Kg2 Rb4 29. Kf3 Bb6 30. Ra1 a4 31. Rc4 Rxc4 32. Bxc4 e2 33. Re1 Bd4 34.
Rxe2 Rxe2 35. Kxe2 Bxb2 36. Kd3 a3 37. Ke4 g6 38. g5 f5+ 39. gxf6 Bxf6 40. f5
Kf7 41. h3 Ke7 42. Ba2 Be5 43. Bb3 gxf5+ 44. Kxf5 Kd7 45. Kg5 Bg7 46. Kf5 Kc7
47. Ke6 Be5 48. h4 Kb6 49. h5 Kc5 50. Kf7 Kb4 51. h6 Kxb3 52. Kg8 Kc4 53. Kxh7
Bf4 54. Kg6 Bxh6 55. Kf5 Kxd5 56. Kg6 a2 57. Kxh6 a1=Q 58. Kg5 Ke5 0-1

[Event "ICS rated bullet match"]
[Site "204.178.125.65"]
[Date "2000.03.23"]
[Round "?"]
[White "Hossa"]
[Black "carrja"]
[Result "1-0"]
[WhiteElo "2528"]
[BlackElo "1454"]
[PlyCount "31"]

1. e4 c6 2. d4 d5 3. Nc3 dxe4 4. Nxe4 Bf5 5. Ng3 Bg6 6. h4 h6 7. Nf3 Nd7 8. h5
Bh7 9. Bd3 Bxd3 10. Qxd3 Qc7 11. Bd2 Ngf6 12. O-O-O e6 13. Rde1 Be7 14. c4 O-O
15. Nf5 c5 16. Nxe7+ 1-0

[Event "ICS rated bullet match"]
[Site "204.178.125.65"]
[Date "2000.03.23"]
[Round "?"]
[White "CWLane"]
[Black "Hossa"]
[Result "0-1"]
[WhiteElo "1489"]
[BlackElo "2528"]
[PlyCount "50"]

1. e4 c5 2. Nf3 e6 3. d4 cxd4 4. Nxd4 Nf6 5. Nc3 d6 6. Bb5+ Bd7 7. Bxd7+ Nbxd7
8. Bg5 Be7 9. Bxf6 Nxf6 10. O-O O-O 11. Re1 Qb6 12. Qd2 Rfd8 13. Red1 Ng4 14.
f3 Ne5 15. Rab1 Bf6 16. Kh1 Nc4 17. Qd3 Nxb2 18. Qd2 Qb4 19. Rxb2 Qxb2 20. Rb1
Qa3 21. Rxb7 Rdb8 22. Rxb8+ Rxb8 23. Qd3 Rb1+ 24. Nxb1 Qc1+ 25. Qd1 Qxd1# 0-1

[Event "ICS rated blitz match"]
[Site "204.178.125.65"]
[Date "2000.03.23"]
[Round "?"]
[White "Hossa"]
[Black "OnVerra"]
[Result "1-0"]
[WhiteElo "2533"]
[BlackElo "2218"]
[PlyCount "59"]

1. c4 Nf6 2. Nc3 e6 3. Nf3 Be7 4. d4 O-O 5. e4 b6 6. e5 Ne8 7. Bd3 d6 8. Be4 c6
9. b3 d5 10. Bd3 dxc4 11. bxc4 Bb7 12. O-O c5 13. d5 exd5 14. cxd5 Qd7 15. Bb5
Qf5 16. Ba4 Na6 17. Bc2 Qh5 18. Be4 Bd8 19. Re1 g6 20. Rb1 Ng7 21. h3 Re8 22.
Ne2 Nf5 23. Qa4 Bh4 24. g4 Bxf2+ 25. Kxf2 Qxh3 26. gxf5 gxf5 27. Rg1+ Kh8 28.
Bg5 h6 29. Bf6+ Kh7 30. Rg7+ 1-0

[Event "ICS rated standard match"]
[Site "204.178.125.65"]
[Date "2000.03.23"]
[Round "?"]
[White "Hossa"]
[Black "raha"]
[Result "1-0"]
[WhiteElo "2234"]
[BlackElo "1993"]
[PlyCount "57"]

1. e4 c5 2. Nf3 d6 3. d4 cxd4 4. Nxd4 Nf6 5. Nc3 a6 6. Be2 e6 7. O-O Be7 8. f4
Qc7 9. f5 e5 10. Nb3 Nbd7 11. a4 b6 12. Be3 Bb7 13. Bf3 O-O 14. Qd2 Rfd8 15. a5
b5 16. Rac1 Nc5 17. Nd5 Bxd5 18. exd5 Nxb3 19. cxb3 Qb7 20. Rc6 Rdc8 21. Qd3
Rxc6 22. dxc6 Qc8 23. c7 d5 24. Bxd5 Nxd5 25. Qxd5 Bf6 26. Rc1 Qe8 27. Qxa8 Qb8
28. cxb8=Q+ Bd8 29. Qxd8# 1-0

[Event "ICS rated standard match"]
[Site "204.178.125.65"]
[Date "2000.03.23"]
[Round "?"]
[White "raha"]
[Black "Hossa"]
[Result "0-1"]
[WhiteElo "1987"]
[BlackElo "2238"]
[PlyCount "88"]

1. d4 d5 2. c4 c6 3. e3 Nf6 4. Nf3 Bg4 5. Bd3 e5 6. dxe5 dxc4 7. Be2 Qxd1+ 8.
Bxd1 Bxf3 9. Bxf3 Nfd7 10. e6 fxe6 11. O-O Ne5 12. Be2 Nbd7 13. Nc3 Bb4 14. Rd1
Nc5 15. a3 Bxc3 16. bxc3 O-O 17. a4 Ne4 18. f4 Nxc3 19. Re1 Nd3 20. Bxd3 cxd3
21. Bd2 Ne2+ 22. Kf2 c5 23. Rab1 b6 24. Rxe2 dxe2 25. Kxe2 Rad8 26. Bc3 Rf5 27.
g4 Rfd5 28. h4 h5 29. g5 Rd3 30. Rc1 Kh7 31. Kf3 Rd1 32. Rc2 Rh1 33. Ke4 Rxh4
34. Ke5 Rh3 35. Re2 Kg6 36. Bd2 Kf7 37. e4 Ra3 38. f5 exf5 39. g6+ Kxg6 40.
exf5+ Kf7 41. Rg2 Ra2 42. Rh2 Raxd2 43. Rxh5 R2d4 44. Rh7 Re8# 0-1

[Event "ICS rated blitz match"]
[Site "204.178.125.65"]
[Date "2000.03.24"]
[Round "?"]
[White "undertaker1"]
[Black "Hossa"]
[Result "0-1"]
[WhiteElo "2706"]
[BlackElo "2537"]
[PlyCount "136"]

1. e4 e5 2. Nf3 Nc6 3. Bb5 a6 4. Ba4 Nf6 5. O-O Be7 6. Re1 b5 7. Bb3 O-O 8. c3
d5 9. exd5 Nxd5 10. Nxe5 Nxe5 11. Rxe5 c6 12. d4 Bd6 13. Re1 Qh4 14. g3 Qh3 15.
Be3 Bg4 16. Qd3 Rae8 17. Nd2 Re6 18. a4 f5 19. Qf1 Qh5 20. f4 bxa4 21. Rxa4
Rfe8 22. Qf2 g5 23. fxg5 f4 24. gxf4 Bh3 25. Kh1 Bxf4 26. Bxd5 cxd5 27. Qxf4
Rxe3 28. Rg1 Re2 29. g6 hxg6 30. Rxa6 Bg2+ 31. Rxg2 Rxg2 32. Kxg2 Qe2+ 33. Kg3
Qxa6 34. Nf3 Re2 35. Ne5 Qe6 36. b4 Rc2 37. Qf3 Kg7 38. h3 Qf6 39. Qe3 Qf8 40.
b5 Qa3 41. Nf3 Qd6+ 42. Qe5+ Qxe5+ 43. dxe5 Rxc3 44. Kf2 Rb3 45. Nd4 Rxh3 46.
Ne6+ Kg8 47. Nc7 d4 48. e6 Kf8 49. Ke2 Rb3 50. Nd5 g5 51. e7+ Ke8 52. b6 g4 53.
Nf6+ Kxe7 54. Nxg4 Rxb6 55. Nf2 Ke6 56. Nd3 Kd5 57. Kd2 Rh6 58. Nf2 Kc4 59. Ne4
d3 60. Kc1 Re6 61. Nd2+ Kd4 62. Kd1 Rg6 63. Kc1 Rg2 64. Nf1 Kc3 65. Kd1 Rg1 66.
Ke1 d2+ 67. Kf2 Rxf1+ 68. Kxf1 d1=Q+ 0-1